[Event "Thessaloniki White Tower op-C 41th"]
[Site "Thessaloniki"]
[Date "2019.01.06"]
[Round "4.30"]
[White "Kapias, Georgios"]
[Black "Panagiotidou, Eleonora"]
[Result "1/2-1/2"]
[WhiteElo "874"]
[BlackElo "1000"]
[PlyCount "56"]
[EventDate "2019.01.02"]
[EventType "swiss"]
[EventRounds "6"]
[EventCountry "GRE"]
[SourceTitle "EXT 2024"]
[Source "ChessBase"]
[SourceDate "2023.10.10"]
[SourceVersion "1"]
[SourceVersionDate "2023.10.10"]
[SourceQuality "1"]

1. e4 c5 2. Nf3 d6 3. Bb5+ Nc6 4. 0-0 a6 5. Bxc6+ bxc6 6. c3 Nf6 7. Re1 e6 8. d4 cxd4 9. cxd4 d5 10. exd5 cxd5 11. Ne5 Nd7 12. Nc3 Nxe5 13. Rxe5 Bd6 14. Re1 0-0 15. Qg4 e5 16. Qd1 exd4 17. Qxd4 Re8 18. Rxe8+ Qxe8 19. Be3 Qe5 20. Qxe5 Bxe5 21. Nxd5 Bxb2 22. Rb1 Be5 23. Ne7+ Kh8 24. Nxc8 Rxc8 25. Rb6 Rb8 26. Rxb8+ Bxb8 27. h3 g6 28. f3 Kg7 1/2-1/2

[Event "Thessaloniki White Tower op-C 41th"]
[Site "Thessaloniki"]
[Date "2019.01.05"]
[Round "3.16"]
[White "Gavriilidis, Nikiforos"]
[Black "Kapias, Georgios"]
[Result "1-0"]
[WhiteElo "1182"]
[BlackElo "874"]
[PlyCount "69"]
[EventDate "2019.01.02"]
[EventType "swiss"]
[EventRounds "6"]
[EventCountry "GRE"]
[SourceTitle "EXT 2024"]
[Source "ChessBase"]
[SourceDate "2023.10.10"]
[SourceVersion "1"]
[SourceVersionDate "2023.10.10"]
[SourceQuality "1"]

1. e4 e5 2. Nf3 Nc6 3. Bb5 a6 4. Bxc6 dxc6 5. Nc3 Nf6 6. Nxe5 Qe7 7. d4 c5 8. 0-0 b6 9. Re1 Bb7 10. Nf3 0-0-0 11. d5 c6 12. Bf4 cxd5 13. exd5 Qd7 14. Na4 Qxa4 15. Qc1 Bd6 16. Bxd6 Rxd6 17. b3 Qd7 18. c4 b5 19. Ne5 Qc7 20. Qg5 Rg8 21. Qf5+ Kb8 22. Rac1 Re8 23. Qg5 g6 24. Qd2 bxc4 25. bxc4 Rb6 26. Qa5 Ka7 27. f4 g5 28. Rb1 gxf4 29. Rb3 Rc8 30. Nc6+ Bxc6 31. Re7 Qxe7 32. Qxb6+ Ka8 33. Qxa6+ Qa7 34. Qxc8+ Qb8 35. Qxb8# 1-0

[Event "Thessaloniki White Tower op-C 41th"]
[Site "Thessaloniki"]
[Date "2019.01.02"]
[Round "1.8"]
[White "Tsagarlis, Hristos"]
[Black "Kapias, Georgios"]
[Result "1-0"]
[WhiteElo "1232"]
[BlackElo "874"]
[PlyCount "67"]
[EventDate "2019.01.02"]
[EventType "swiss"]
[EventRounds "6"]
[EventCountry "GRE"]
[SourceTitle "EXT 2024"]
[Source "ChessBase"]
[SourceDate "2023.10.10"]
[SourceVersion "1"]
[SourceVersionDate "2023.10.10"]
[SourceQuality "1"]

1. e4 e5 2. Nf3 Nc6 3. Bb5 a6 4. Ba4 Nf6 5. 0-0 Bc5 6. c3 d6 7. Re1 Bd7 8. d4 exd4 9. cxd4 Ba7 10. e5 dxe5 11. Nxe5 0-0 12. Bg5 b5 13. Bb3 Bxd4 14. Nxd7 Qxd7 15. Nc3 Qf5 16. Qd2 Bxf2+ 17. Qxf2 Qxg5 18. Ne4 Nxe4 19. Rxe4 Qg6 20. Rae1 Rad8 21. Bc2 Qd6 22. Rd1 Qf6 23. Rf4 Qxb2 24. Bxh7+ Kxh7 25. Qxb2 Rxd1+ 26. Rf1 Rxf1+ 27. Kxf1 Kg8 28. Qc3 Na5 29. Qxa5 Rd8 30. Qxc7 Rd1+ 31. Ke2 Rg1 32. Kf2 Rd1 33. Qc8+ Kh7 34. Qc2+ 1-0

[Event "Thessaloniki ESSTH HALK-ch U16 11th"]
[Site "Thessaloniki"]
[Date "2018.11.03"]
[Round "1.4"]
[White "Kouroukafopoulos, Grigorios"]
[Black "Kapias, Georgios"]
[Result "1/2-1/2"]
[WhiteElo "1002"]
[BlackElo "1000"]
[PlyCount "50"]
[EventDate "2018.11.03"]
[EventType "swiss"]
[EventRounds "6"]
[EventCountry "GRE"]
[SourceTitle "EXT 2024"]
[Source "ChessBase"]
[SourceDate "2023.10.10"]
[SourceVersion "1"]
[SourceVersionDate "2023.10.10"]
[SourceQuality "1"]

1. d4 d5 2. c4 Nf6 3. Nc3 e6 4. Bg5 Nbd7 5. cxd5 exd5 6. Nxd5 Nxd5 7. Bxd8 Bb4+ 8. Qd2 Bxd2+ 9. Kxd2 Kxd8 10. e4 N5f6 11. f3 Nb6 12. Rc1 Ke7 13. Ne2 c6 14. Ng3 Be6 15. b3 Rhd8 16. Ke3 a5 17. Bc4 a4 18. Rc3 Bd7 19. b4 Nxc4+ 20. Rxc4 Be6 21. Rc2 a3 22. Rd1 Ra4 23. Rb1 b5 24. Ne2 Bc4 25. Nc3 Ra7 1/2-1/2